Catálogo público

Importancia de los ácaros cuarentenados en México (Record no. 100140)

MARC details
000 -CABECERA
campo de control de longitud fija 02485nam a2200445 a 4500
003 - IDENTIFICADOR DEL NÚMERO DE CONTROL
campo de control CHAP
005 - FECHA Y HORA DE LA ÚLTIMA TRANSACCIÓN
campo de control 20241016093514.0
007 - CAMPO FIJO DE DESCRIPCIÓN FÍSICA--INFORMACIÓN GENERAL
campo de control de longitud fija cr ||||||a|c|a
008 - DATOS DE LONGITUD FIJA--INFORMACIÓN GENERAL
campo de control de longitud fija 101213s2010 mx r 00010 spa d
035 ## - NÚMERO DE CONTROL DEL SISTEMA
Número de control de sistema 111798
040 ## - FUENTE DE LA CATALOGACIÓN
Centro/agencia transcriptor CHAP
090 ## - LOCALMENTE ASIGNADO TIPO-LC NÚMERO DE CLASIFICACIÓN (OCLC); NÚMERO DE CLASIFICACIÓN LOCAL (RLIN)
Número de clasificación (OCLC) (R) ; Numero de clasificación, CALL (RLIN) (NR) Tesis
100 1# - ENTRADA PRINCIPAL--NOMBRE DE PERSONA
Nombre de persona Hernández Ramos, Lervin.
9 (RLIN) 54512
245 10 - MENCIÓN DE TÍTULO
Título Importancia de los ácaros cuarentenados en México
Mención de responsabilidad, etc. /por Lervin Hernández Ramos; director de tesis Ma. del Carmen Sánchez Gálvez.
264 #1 - PRODUCCIÓN, PUBLICACIÓN, DISTRIBUCIÓN, FABRICACIÓN Y COPYRIGHT
Producción, publicación, distribución, fabricación y copyright Chapingo, Méx. :
Nombre del de productor, editor, distribuidor, fabricante El autor,
Fecha de producción, publicación, distribución, fabricación o copyright 2010.
300 ## - DESCRIPCIÓN FÍSICA
Extensión 1 recurso en línea (211 páginas):
Otras características físicas tablas, figuras.
336 ## - TIPO DE CONTENIDO
Fuente rdacontent
Término de tipo de contenido texto
Código de tipo de contenido txt
337 ## - TIPO DE MEDIO
Fuente rdamedia
Nombre/término del tipo de medio computadora
Código del tipo de medio c
338 ## - TIPO DE SOPORTE
Fuente rdacarrier
Nombre/término del tipo de soporte recursos en línea
Código del tipo de soporte cr
502 ## - NOTA DE TESIS
Tipo de título Ingeniero Agrónomo Especialista en Parasitología Agrícola
Nombre de la institución que otorga el título Departamento de Enseñanza, Investigación y Servicio en Parasitología Agrícola,
Año de obtención del título 2010.
Información miscelánea Licenciatura
520 ## - SUMARIO, ETC.
Sumario, etc. En años recientes se ha detectado el ingreso de diversos ácaros exóticos al territorio nacional, por lo que es necesario extender el conocimiento sobre aquellas especies que aún no se encuentran presentes en México y que constituyen un peligro potencial para la agricultura nacional. El presente trabajo se desarrolló con el propósito de elaborar una revisión bibliográfica sobre los principales ácaros de importancia cuarentenaria para México. En él se presenta de manera sistematizada la información generada hasta el momento referente a dieciocho ácaros fitófagos de importancia cuarentenaria. El producto final de esta revisión es un documento de apoyo para estudiantes relacionados con la protección vegetal, así como para profesionales en la sanidad vegetal, ya que se proporcionan las bases para elaborar un análisis de riesgo de plagas pertenecientes a la clase Acárida.
650 14 - PUNTO DE ACCESO ADICIONAL DE MATERIA--TÉRMINO DE MATERIA
Término de materia o nombre geográfico como elemento de entrada Ácaros.
650 14 - PUNTO DE ACCESO ADICIONAL DE MATERIA--TÉRMINO DE MATERIA
Término de materia o nombre geográfico como elemento de entrada Cuarentena.
9 (RLIN) 29931
650 14 - PUNTO DE ACCESO ADICIONAL DE MATERIA--TÉRMINO DE MATERIA
Término de materia o nombre geográfico como elemento de entrada Sanidad vegetal.
9 (RLIN) 102224
700 1# - PUNTO DE ACCESO ADICIONAL--NOMBRE DE PERSONA
Nombre de persona Sánchez Gálvez, Ma. del Carmen
9 (RLIN) 164748
Término indicativo de función/relación Director de tesis.
856 ## - LOCALIZACIÓN Y ACCESO ELECTRÓNICOS
Identificador Uniforme del Recurso http://10.13.5.2/tesis/111798.pdf
Nota pública DESCARGAR PDF
942 ## - ELEMENTOS DE PUNTO DE ACCESO ADICIONAL (KOHA)
Tipo de ítem Koha Tesis digital
Fuente del sistema de clasificación o colocación Clasificación Universidad Autónoma Chapingo
590 ## - NOTA LOCAL (RLIN)
Nota local ALEPH
Procedencia (VM) [OBSOLETO] 10
Condición del los carretes individuales (VM) [OBSOLETO] 20130110
590 ## - NOTA LOCAL (RLIN)
Nota local BATCH-UPD
Procedencia (VM) [OBSOLETO] 10
Condición del los carretes individuales (VM) [OBSOLETO] 20130110
590 ## - NOTA LOCAL (RLIN)
Nota local BATCH-UPD
Procedencia (VM) [OBSOLETO] 10
Condición del los carretes individuales (VM) [OBSOLETO] 20130410
590 ## - NOTA LOCAL (RLIN)
Nota local BATCH-UPD
Procedencia (VM) [OBSOLETO] 10
Condición del los carretes individuales (VM) [OBSOLETO] 20130914
590 ## - NOTA LOCAL (RLIN)
Nota local BATCH-UPD
Procedencia (VM) [OBSOLETO] 10
Condición del los carretes individuales (VM) [OBSOLETO] 20140324
590 ## - NOTA LOCAL (RLIN)
Nota local BATCH-UPD
Procedencia (VM) [OBSOLETO] 10
Condición del los carretes individuales (VM) [OBSOLETO] 20141002
590 ## - NOTA LOCAL (RLIN)
Nota local CONVERSION
Procedencia (VM) [OBSOLETO] 10
Condición del los carretes individuales (VM) [OBSOLETO] 20130109
901 ## - ELEMENTOS DE DATOS A LOCAL LDA (RLIN)
a BK
949 ## - PROCESAMIENTO DE INFORMACIÓN LOCAL (OCLC)
a Tesis
b BC
c TES
d 33724002227215
e TS1
g DonaciØn
h 51620
i 111798
s b
949 ## - PROCESAMIENTO DE INFORMACIÓN LOCAL (OCLC)
a Tesis
b BC
c TES
d 33724002227256
e TS2
f c.2
g DonaciØn
h 51621
i 111798
s b
Holdings
Estado de retiro Estado de pérdida Fuente del sistema de clasificación o colocación Estado dañado Restricciones de uso No para préstamo Código de colección Localización permanente Ubicación/localización actual Ubicación en estantería Fecha de adquisición Total de préstamos Signatura topográfica completa Fecha visto por última vez Precio válido a partir de Tipo de ítem Koha
    Clasificación Universidad Autónoma de Chapingo   Préstamo interno   Tesis digitales de Licenciatura Biblioteca Digital Biblioteca Digital En línea 31/12/2019   Tesis digital 31/12/2019 31/12/2019 Tesis digital